[Event "Peristeri IRT 7th"]
[Site "Peristeri"]
[Date "2017.09.19"]
[Round "1"]
[White "Alexakis, Dimitrios"]
[Black "Tsagkaropoulos, Spyridon"]
[Result "1-0"]
[WhiteElo "2067"]
[BlackElo "2022"]
[PlyCount "71"]
[EventDate "2017.09.19"]
[EventType "tourn"]
[EventRounds "7"]
[EventCountry "GRE"]
[SourceTitle "EXT 2024"]
[Source "ChessBase"]
[SourceDate "2023.10.10"]
[SourceVersion "1"]
[SourceVersionDate "2023.10.10"]
[SourceQuality "1"]

1. e4 c5 2. Nf3 d6 3. d4 cxd4 4. Nxd4 Nf6 5. f3 g6 6. c4 Bg7 7. Nc3 Nc6 8. Be3 0-0 9. Be2 Nxd4 10. Bxd4 Nd7 11. 0-0 a5 12. Bxg7 Kxg7 13. Qd4+ Kg8 14. Nd5 b6 15. f4 Bb7 16. Rad1 Bxd5 17. cxd5 Nc5 18. e5 Qd7 19. b3 Rab8 20. e6 fxe6 21. dxe6 Qc6 22. Bf3 Qb5 23. Bd5 Qb4 24. Qe3 Rf6 25. Rd4 Qa3 26. g4 Rbf8 27. h4 a4 28. f5 axb3 29. axb3 Na6 30. Be4 Qc5 31. g5 Rxf5 32. Bxf5 Rxf5 33. Rc1 Rf3 34. Qxf3 Qxd4+ 35. Kg2 Qb2+ 36. Kh3 1-0

[Event "Ambelokipi op 118th"]
[Site "Athens"]
[Date "2011.10.15"]
[Round "3"]
[White "Tsagkaropoulos, Spyridon"]
[Black "Sideris, Theodoros"]
[Result "1-0"]
[WhiteElo "2019"]
[BlackElo "2012"]
[PlyCount "109"]
[EventDate "2011.10.08"]
[EventType "swiss"]
[EventRounds "7"]
[EventCountry "GRE"]
[SourceTitle "EXT 2024"]
[Source "ChessBase"]
[SourceDate "2023.10.10"]
[SourceVersion "1"]
[SourceVersionDate "2023.10.10"]
[SourceQuality "1"]

1. e4 c5 2. Nf3 Nc6 3. d4 cxd4 4. Nxd4 g6 5. c4 Nxd4 6. Qxd4 Nf6 7. Nc3 d6 8. Bg5 Bg7 9. Be2 0-0 10. Qd2 Be6 11. 0-0 Rc8 12. b3 b5 13. e5 dxe5 14. Nxb5 Qxd2 15. Bxd2 Ne4 16. Ba5 a6 17. Nc7 Nc3 18. Bxc3 Rxc7 19. Rad1 f5 20. Ba5 Rc6 21. Rd8 Rxd8 22. Bxd8 Kf7 23. Ba5 e4 24. Rc1 f4 25. c5 Bd5 26. Bb6 Bd4 27. a4 Bxb3 28. a5 e3 29. f3 Bd5 30. Kf1 g5 31. Bxa6 Rh6 32. Be2 Bc6 33. h3 e5 34. a6 g4 35. fxg4 e4 36. Rd1 f3 37. Rxd4 Rf6 38. gxf3 exf3 39. Bc4+ Kg7 40. Ba5 Rh6 41. Bc3 Rxh3 42. Rd3+ Kh6 43. Rxe3 Kg5 44. Kf2 Rh2+ 45. Ke1 Kf4 46. Be5+ Kxe3 47. Bxh2 f2+ 48. Kf1 h5 49. gxh5 Bd7 50. Kg2 Bc6+ 51. Kg3 Bf3 52. a7 Be2 53. Bxe2 Kxe2 54. a8Q f1Q 55. Qa6+ 1-0

[Event "Ambelokipi op 118th"]
[Site "Athens"]
[Date "2011.10.12"]
[Round "2"]
[White "Roumbeglis, Nikolaos"]
[Black "Tsagkaropoulos, Spyridon"]
[Result "1/2-1/2"]
[WhiteElo "2169"]
[BlackElo "2019"]
[PlyCount "71"]
[EventDate "2011.10.08"]
[EventType "swiss"]
[EventRounds "7"]
[EventCountry "GRE"]
[SourceTitle "EXT 2024"]
[Source "ChessBase"]
[SourceDate "2023.10.10"]
[SourceVersion "1"]
[SourceVersionDate "2023.10.10"]
[SourceQuality "1"]

1. Nf3 Nf6 2. g3 g6 3. Bg2 Bg7 4. 0-0 0-0 5. d3 d6 6. e4 c5 7. Re1 e5 8. c3 Nc6 9. Nbd2 h6 10. a3 Be6 11. b4 cxb4 12. axb4 Qd7 13. Nc4 Rfc8 14. Bb2 b5 15. Na5 Bh3 16. Qe2 Bxg2 17. Kxg2 a6 18. Nd2 h5 19. h3 Nxa5 20. Rxa5 Qb7 21. c4 bxc4 22. Nxc4 Bf8 23. f4 Qxb4 24. Rea1 Rab8 25. R1a2 Nd7 26. fxe5 dxe5 27. Nxe5 Nb6 28. Qf2 Qb3 29. Bd4 Bg7 30. Rxa6 Rb7 31. Rxb6 Rxb6 32. Rb2 Qd1 33. Rxb6 Rc2 34. Rb8+ Kh7 35. Re8 Rxf2+ 36. Bxf2 1/2-1/2